000 00577nam a2200205Ia 4500
999 _c5284
_d5284
020 _a81-85229-98-8
082 _a338.9 ORI-
245 0 _aOrigins of development economics: how schools of economic thought have addressed develpoment
260 _aNew Delhi
_bTulika Books
_c2005
300 _axxiii, 165
504 _aincludes index
650 _aEconomic development
650 _aEconomic policy
650 _aEconomic
_vHistory
650 _aEconomic history
650 _aEconomics
_vPhilosophy
700 _aReinert, Erik S.
700 _aJomo, K.S.
942 _cBK